000 00373nam a2200133 a 4500
005 20140414132121.0
008 120822s19uu xx 00 eng d
050 _aTR 808.1
_bP743 200_
245 _aPoems & Prose.
260 _aHunter Valley, Maryland :
_bCalvert School,
_c200_.
300 _a16
650 _aPoems-children-collection.
_xProse-children.
999 _c115068
_d115068